Влияние термо- и радиационно-стимулированного выхода водорода на структурно-фазовое состояние титанового сплава Ti-6Al-4V; Физико-технические проблемы в науке, промышленности и медицине

Dettagli Bibliografici
Parent link:Физико-технические проблемы в науке, промышленности и медицине.— 2015.— [С. 67-68]
Autore principale: Кудияров В. Н. Виктор Николаевич
Ente Autore: Национальный исследовательский Томский политехнический университет (ТПУ) Физико-технический институт (ФТИ) Кафедра общей физики (ОФ)
Altri autori: Степанова Е. Н. Екатерина Николаевна, Сыпченко В. С. Владимир Сергеевич
Riassunto:Заглавие с титульного экрана
Lingua:russo
Pubblicazione: 2015
Serie:Инновационные материалы и технологии в ядерной и "зеленой"энергетике
Soggetti:
Accesso online:http://earchive.tpu.ru/handle/11683/17582
http://www.lib.tpu.ru/fulltext/c/2015/C49/044.pdf
Natura: MixedMaterials Elettronico Capitolo di libro
KOHA link:https://koha.lib.tpu.ru/cgi-bin/koha/opac-detail.pl?biblionumber=612649

MARC

LEADER 00000naa2a2200000 4500
001 612649
005 20260425095407.0
035 |a (RuTPU)RU\TPU\conf\10780 
035 |a RU\TPU\conf\10779 
090 |a 612649 
100 |a 20150623d2015 k y0rusy50 ca 
101 0 |a rus 
102 |a RU 
135 |a drgn ---uucaa 
181 0 |a i  
182 0 |a b 
200 1 |a Влияние термо- и радиационно-стимулированного выхода водорода на структурно-фазовое состояние титанового сплава Ti-6Al-4V  |f В. Н. Кудияров, Е. Н. Степанова, В. С. Сыпченко 
203 |a Текст  |c электронный 
225 1 |a Инновационные материалы и технологии в ядерной и "зеленой"энергетике 
300 |a Заглавие с титульного экрана 
337 |a Adobe Reader 
463 1 |0 (RuTPU)RU\TPU\conf\10637  |t Физико-технические проблемы в науке, промышленности и медицине  |o сборник тезисов докладов VII Международной научно-практической конференции, г. Томск, 3-6 июня 2015 г.  |f Национальный исследовательский Томский политехнический университет (ТПУ) ; под ред. А. Н. Дьяченко [и др.]  |v [С. 67-68]  |d 2015 
610 1 |a труды учёных ТПУ 
610 1 |a электронный ресурс 
610 1 |a титановые сплавы 
610 1 |a водород 
610 1 |a структурно-фазовые состояния 
700 1 |a Кудияров  |b В. Н.  |c физик  |c доцент Томского политехнического университета, кандидат технических наук  |f 1990-  |g Виктор Николаевич  |3 (RuTPU)RU\TPU\pers\30612  |9 14893 
701 1 |a Степанова  |b Е. Н.  |c физик  |c доцент Томского политехнического университета, кандидат технических наук  |f 1981-  |g Екатерина Николаевна  |3 (RuTPU)RU\TPU\pers\26277  |9 12050 
701 1 |a Сыпченко  |b В. С.  |c физик  |c доцент Томского политехнического университета, кандидат наук  |f 1987-  |g Владимир Сергеевич  |3 (RuTPU)RU\TPU\pers\28216  |9 13170 
712 0 2 |a Национальный исследовательский Томский политехнический университет (ТПУ)  |b Физико-технический институт (ФТИ)  |b Кафедра общей физики (ОФ)  |3 (RuTPU)RU\TPU\col\18734 
801 2 |a RU  |b 63413507  |c 20210210  |g RCR 
856 4 |u http://earchive.tpu.ru/handle/11683/17582 
856 4 |u http://www.lib.tpu.ru/fulltext/c/2015/C49/044.pdf 
942 |c BK